000 01322cam a22003617a 4500
003 CHAP
005 20220329140313.0
008 971013s1983 r 00010 d
010 _a50080
011 _a51052
035 _a55202
040 _cCHAP
090 _aTesis
100 0 0 _aRodríguez Cabriales, Juan Carlos.
_998348
245 0 _aComparación de métodos para determinar capacidad de campo (CC), punto de marchitez permanente (p.m.p.) y densidad aparente en suelos de textura arcillosa y franca
260 _aMarín, N. L. :
_bEl autor,
_c1983
300 _a57 h.
502 _aTesis (Ing. Agr. Fitotecnista) -- Universidad Autónoma de Nuevo León. Facultad de Agronomía
590 _aALEPH
_b10
_c20130110
_lUCH01
_h1324
590 _aBATCH-UPD
_b10
_c20130110
_lUCH01
_h0040
590 _aBATCH-UPD
_b10
_c20130110
_lUCH01
_h1527
590 _aBATCH-UPD
_b10
_c20130409
_lUCH01
_h2026
590 _aBATCH-UPD
_b10
_c20130410
_lUCH01
_h0936
590 _aBATCH-UPD
_b10
_c20130914
_lUCH01
_h2006
590 _aCONVERSION
_b10
_c20130109
_lUCH01
_h1327
650 1 4 _aSuelos y cultivos.
_9110571
650 1 4 _aSuelos
_xFísica de.
_9110373
650 1 4 _aSuelos
_xHumedad.
_9110391
650 1 4 _aSuelos
_xPercolación.
_9110457
901 _aBK
942 _cTESIS
949 _bBC
_cTES
_d-121287
_eTS1
_h19100
_i55202
_si
999 _c50080
_d50080